000 00565nam a2200145 a 4500
008 120416s2005 ||||||||||||||||| || u
050 _aIBRD(08)PRWP/3523
100 _aVermeersch, Christel
245 1 0 _aSchool meals, educational achievement, and school competition
246 _aevidence from a randomized evaluation
260 _aWashington, D. C.
_bWorld Bank
_c2005
300 _a51p. : ill.
350 _a0.00
995 _D0.00
_FCBU-MAIN LIBRARY (Kitwe)
_H1
_I0.00
_UAVAILABLE
_ZInternational Publications
999 _c57057
_d57057